| 000 | 00440nam a2200133Ia 4500 | ||
|---|---|---|---|
| 008 | 210430s9999 xx 000 0 und d | ||
| 020 | _a9780080533827 | ||
| 082 | _a620.003 H2331 H | ||
| 245 | _aHandbook of surfaces and interfaces of materials V-3, five-volume set / | ||
| 260 |
_a[S.l.] : _bAcademic Press, _c2001 |
||
| 300 | _a2911 p. ; | ||
| 856 | _uhttp://www.amazon.com/exec/obidos/ASIN/0125139101/chopaconline-20 | ||
| 942 |
_cBK _2ddc |
||
| 999 |
_c563050 _d563050 |
||